Central Library OPAC University of Rajshahi

Principles of labour law / (Record no. 46469)

MARC details
000 -LEADER
fixed length control field 00736nam a2200253 4500
001 - CONTROL NUMBER
control field 46469
003 - CONTROL NUMBER IDENTIFIER
rucl marc code BD-RjUL
005 - DATE AND TIME OF LATEST TRANSACTION
control field 20211209054145.0
008 - FIXED-LENGTH DATA ELEMENTS--GENERAL INFORMATION
fixed length control field 500101s1976 enk 001 0 eng d
020 ## - INTERNATIONAL STANDARD BOOK NUMBER
International Standard Book Number 0421206802 (042120690X)
035 ## - SYSTEM CONTROL NUMBER
System control number (BD-RjUL ) 46587
040 ## - CATALOGING SOURCE
Original cataloging agency BD-RjUL
Language of cataloging eng
Transcribing agency BD-RjUL
041 ## - LANGUAGE CODE
Language code of text/sound track or separate title eng
082 ## - DEWEY DECIMAL CLASSIFICATION NUMBER
Classification number 344.4101
Author mark and year RIP 1976
100 1# - MAIN ENTRY--PERSONAL NAME
Personal name Rideout, Roger W.
Fuller form of name (Roger William),
Dates associated with a name 1935-
9 (RLIN) 141827
245 10 - TITLE STATEMENT
Title Principles of labour law /
Statement of responsibility, etc. by Roger W. Rideout
250 ## - EDITION STATEMENT
Edition statement 2nd ed.
260 ## - PUBLICATION, DISTRIBUTION, ETC. (IMPRINT)
Place of publication, distribution, etc. London :
Name of publisher, distributor, etc. Sweet & Maxwell,
Date of publication, distribution, etc. c1976
300 ## - PHYSICAL DESCRIPTION
Pagination xli, 457 p. ;
Size 26 cm
504 ## - BIBLIOGRAPHY, ETC. NOTE
Bibliography, etc Includes index
650 #0 - SUBJECT ADDED ENTRY--TOPICAL TERM
Topical term or geographic name as entry element Labor laws and legislation
Geographic subdivision Great Britain
9 (RLIN) 141828
942 ## - ADDED ENTRY ELEMENTS (KOHA)
Source of classification or shelving scheme Dewey Decimal Classification
Koha item type Books
Holdings
Lost status Source of classification or shelving scheme Damaged status Not for loan Collection code Permanent Location Current Location Shelving location Date acquired Source of acquisition Cost, normal purchase price Total Checkouts Full call number Date last seen Copy number Koha item type
  Dewey Decimal Classification     Non-fiction Central Library, University of Rajshahi Central Library, University of Rajshahi   30/10/1978 W. Heffer and sons 11.50   344.4101 RIP 1976 02/08/2016 C-2 Books